The sexual trafficking in children : an investigation of the child sex trade /

Bibliographic Details
Main Author: Campagna, Daniel S.
Other Authors: Poffenberger, Donald L.
Format: Book
Language:English
Published: Dover, Mass. : Auburn House Pub. Co., [1988]
Subjects:

MARC

Tag First Indicator Second Indicator Subfields
LEADER 00000cam a2200000 a 4500
001 in00000020333
005 20151007053903.0
008 870330s1988 mau b 00110 eng
010 |a  87001242  
020 |a 0865691541 :  |c $24.95 
035 |a (OCoLC)15549415 
035 |9 AAB3181AM 
040 |a DLC  |c DLC  |d TXA  |d UtOrBLW 
043 |a n-us--- 
049 |a TXAM  |c [A11072538] 
050 0 0 |a HQ144  |b .C35 1988 
082 0 |a 306.7/4/088054  |2 19 
100 1 |a Campagna, Daniel S. 
245 1 4 |a The sexual trafficking in children :  |b an investigation of the child sex trade /  |c Daniel S. Campagna, Donald L. Poffenberger. 
264 1 |a Dover, Mass. :  |b Auburn House Pub. Co.,  |c [1988] 
264 4 |c ©1988 
300 |a xiv, 250 pages ;  |c 25 cm. 
336 |a text  |b txt  |2 rdacontent 
337 |a unmediated  |b n  |2 rdamedia 
338 |a volume  |b nc  |2 rdacarrier 
504 |a Bibliography: pages 234-241. 
500 |a Includes index. 
650 0 |a Child pornography  |z United States. 
650 0 |a Child prostitution  |z United States. 
650 0 |a Child prostitution  |z United States  |x Prevention. 
700 1 |a Poffenberger, Donald L. 
999 |a MARS 
999 f f |s 6cb5ab8c-0b1a-3bb4-b51f-5e6ebdd4ef5e  |i 8a3b5c93-f393-30d4-9c83-4ffa2abff527  |t 0 
952 f f |p ric  |a Texas A&M University  |b Rellis Campus  |c Joint Library Facility  |d Remote Storage  |t 0  |e HQ144 .C35 1988  |h Library of Congress classification  |i unmediated -- volume  |m A14811072538 
998 f f |a HQ144 .C35 1988  |t 0  |l Remote Storage